000 00720nam a2200193Ia 4500
003 GCL
008 140319s9999 xx 000 0 ara d
040 _aGCL /
_cGCL
082 0 4 _a347.02
_bع س
100 1 _aعبدالحميد الشواربى
_vPurified
_@
…هذب
245 1 0 _aسلطة المحكمة الجنائية فى تكييف وتعديل وتغيير وصف الاتهام الفقة والقضاء /
_cعبدالحميد الشواربى
260 _a[S.N] :
_bمنشاة المعارف
300 _a158 ص
490 _aالكتب القانونية
_v0
650 0 4 _aالقانون الجنائى
650 0 4 _aالقانون
650 0 4 _aالقانون المدنى
942 _2ddc
_cBK
999 _c29265
_d29265